000 00505nam a22001937a 4500
003 MPLRDC
005 20220104200622.0
008 210129b ||||| |||| 00| 0 eng d
020 _a978-7-5056-0841-2
082 _a859.3 XLR v.3
100 _a功巧 编写
245 _a千字文
_c任梦龙 绘
250 _a初版一刷
260 _a中国
_b连环画出版社
_c2007
300 _b
490 _a小龙人国学经典
650 _a儿童文学总集;启蒙
942 _cBK
_o859.3 XLR v.3
999 _c66783
_d66773